| 000 | 02416cam a2200361 i 4500 | ||
|---|---|---|---|
| 001 | 17992971 | ||
| 003 | OSt | ||
| 005 | 20240530110538.0 | ||
| 008 | 140108t20142014paua b 001 0 eng | ||
| 010 | _a 2014000590 | ||
| 020 | _a9781451144499 (hardback : alk. paper) | ||
| 020 | _a1451144490 (hardback : alk. paper) | ||
| 035 | _a(DNLM)101623337 | ||
| 040 |
_aDNLM/DLC _cDLC _erda _dDLC |
||
| 042 | _apcc | ||
| 050 | 0 | 0 |
_aRB127 _b.H673 2014 |
| 060 | 1 | 0 | _aWL 704.6 |
| 082 | 0 | 0 |
_223 _a616.0472\ _bH F |
| 100 | 1 |
_aHoppenfeld, J. D. _q(Jon-David), _eauthor. |
|
| 245 | 1 | 0 |
_aFundamentals of pain medicine : _bhow to diagnose and treat your patients / _cJ.D. Hoppenfeld, MD, Interventional Pain Management, Southeast Pain Care, Charlotte, North Carolina. |
| 264 | 1 |
_aPhiladelphia : _bWolters Kluwer Health, _c[2014] |
|
| 300 |
_axi, 275 pages : _billustrations (some color) ; _c29 cm |
||
| 336 |
_atext _2rdacontent |
||
| 337 |
_aunmediated _2rdamedia |
||
| 338 |
_avolume _2rdacarrier |
||
| 504 | _aIncludes bibliographical references and index. | ||
| 520 | _a"Some patients present with a primary complaint of pain while others complain of pain secondary to a more generalized disease process or procedure. As a healthcare professional, you are trained to diagnose the pathology and then treat it. A patient presents with pneumonia, your work-up supports the diagnosis; you treat it, then the patient gets better. However, another layer of patient care needs more focus in the medical community. If the patient with pneumonia complains of intercostal pain secondary to a violent cough, we have the ability to manage the symptoms of pain effectively, and should not hesitate to do so promptly. Our actions to alleviate pain will not hinder our ability to treat the underlying disease. Yet modern medicine often considers these goals mutually exclusive, with pain management a distance second. As medical professionals, when we have an incomplete understanding of how to treat a condition, we under treat it, erring on the side of do no harm. This book will give you the confidence to confront your patient's discomfort and succeed in conquering the pain"--Provided by publisher. | ||
| 650 | 1 | 2 | _aPain Management. |
| 650 | 2 | 2 |
_aPain _xdiagnosis. |
| 906 |
_a7 _bcbc _corignew _d1 _eecip _f20 _gy-gencatlg |
||
| 942 |
_2ddc _cBK |
||
| 999 |
_c62203 _d62203 |
||